00773nam a2200205 4500001000700000003000900007005001700016007000300033008004100036100003700077245012100114250001200235260003200247300004300279700003600322700003600358852003200394999001900426952012200445144004ES-MaACL20230906200925.0t|070214s1970 sp r ||||1| spa d1 aSimón Cabarga, José.910654210aSantander / ctextos: José Simón Cabarga ; composición: C. Vallejo Aller ; fotografias: Zubillaga... [et al.]. a3ª ed. aLeón : bEverest, c1970. a204 p., 49 lám. ; c19 cm + e2 map.1 aVallejo Aller, Cecilio.91128461 aZubillaga (qFrancisco)9118403 aES-MaACLjC-49598 bR.76630 c144004d144004 00104070aATENEOMbATENEOMcDEPO2d2008-01-17eSCl0oC-49598p1149827r2023-02-23 00:00:00w2023-02-23yMONOGRAFIA